| 000 | 01723 a2200229 4500 | ||
|---|---|---|---|
| 001 | 45033 | ||
| 005 | 20260407155725.0 | ||
| 008 | 260407a1976 arg spa d | ||
| 003 | AR-UNSa-BCEJYS | ||
| 040 |
_aAR-UNSa-BCEJYS _bspa _cAR-UNSa-BCEJYS |
||
| 080 |
_a330.101.541 _xMacroeconomía |
||
| 245 | 1 | 0 | _aTeorías y problemas de Macroeconomía |
| 020 | _a968-451-276-7 | ||
| 264 | 1 |
_aMéxico : _bMcGraw-Hill _c1976 |
|
| 300 |
_a208 p. _c27 cm. |
||
| 505 | _a1. Introducción al análisis macroeconomico – 2. El nivel del ingreso en un modelo económico de dos sectores – 3.El multiplicador en un modelo de dos sectores – 4. El gobierno y el nivel del ingreso – 5.El sector internacional y el nivel del ingreso – 6. Multiplicadores para un modelo de economía de cuatro sectores – 7. La teoría de Keynes sobre la demanda de consumo – 8. Teorías de posguerra sobre la demanda de consumo – 9. La eficiencia marginal del capital – 10. Teorías sobre la inversión – 11. El equilibrio en los mercados de bienes – 12. El dinero y el nivel del ingreso – 13. La teoría keynesiana de la demanda de dinero – 14.El equilibrio en los mercados monetarios – 15. Teoría contemporánea de la demanda de dinero – 16. Equilibrio simultáneo en los mercados monetario y de productos – 17. La efectividad de la política monetaria y fiscal – 18. Producto de equilibrio con un mercado de trabajo – 19. El nivel de precios y el ingreso de equilibrio – 20. Determinantes del nivel de precios – 21. El gasto colectivo y el crecimiento equilibrado. | ||
| 041 | _aspa | ||
| 942 | _cBK | ||
| 590 | _aniveau_biblio:m niveau_hierar:0 | ||
| 100 | 1 | _aCárdenas Nannetti, Jorge | |
| 700 | 1 | _aDiulio, Eugene | |
| 999 |
_c3884 _d3884 |
||